000 00404nam a2200157 a 4500
020 _a0697218899
040 _cDLC
082 _a575 WM.C 1996 A028 Or.
100 1 _aTamarin, Robert H
245 1 0 _aPrinciples of genetics /
250 _a5th ed
260 _aDubuque, IA :
_bWm. C. Brown Publishers,
_cc1996
300 _axvii, 683 p. :
_bill. (some col.) ;
_c28 cm
650 0 _aGenetics
942 _cEK
999 _c12891
_d12891